| 000 | 00580nam a2200205 a 4500 | ||
|---|---|---|---|
| 001 | 57527 | ||
| 005 | 20180714053743.0 | ||
| 008 | 140415s2009 mx 000 0 spa d | ||
| 020 | _a9700753026 | ||
| 041 | _aspa | ||
| 082 |
_a863 _bSOU |
||
| 245 | 0 | 0 | _aAMADIS DE GAULA |
| 250 | _a9a ed. | ||
| 260 |
_aMEXICO : _bPORRUA, _c2009 |
||
| 300 |
_a260 _c13.7 x 2.1 x 21.8 |
||
| 490 | _aCOLECCION FONTAMARA | ||
| 500 | _aSOUTO, ARTURO; INTODUCCION | ||
| 650 | 1 | 4 |
_aLITERATURA ESPAOLA_SIGLO XV _xLITERATURA MEDIEVAL _xNOVELA ESPAOLA |
| 700 | 1 |
_aSOUTO, ARTURO _ecoaut. |
|
| 999 |
_c57527 _d57527 |
||